Ciencia de redes /

Salvato in:
Dettagli Bibliografici
Autore principale: Barbási, Albert-László (autor) (autor)
Natura: Libro
Lingua:spagnolo
Pubblicazione: Guadalajara, México : ITESO, 2022, c2022
Serie:(Signa_Lab)
Soggetti:
Tags: Aggiungi Tag
Nessun Tag, puoi essere il primo ad aggiungerne!!

MARC

LEADER 00000nam^a2200000^a^4500
001 000554904
005 20250521000000.0
009 20260310131707.16
020 |a 978-607-8768-86-8 
037 |a Acervo ITESO - Biblioteca 
041 |a ESP 
082 |a 302. 23723  |b BAR 
100 |a Barbási, Albert-László (autor)  |e (autor) 
245 1 0 |a Ciencia de redes /  |c A.L. Barbási ; tr. por William Quinn, Lorena Michele Brennan Bourdon. 
264 4 |a Guadalajara, México :  |b ITESO,  |c 2022, c2022 
300 |a 504 p. 
336 |a texto  |b txt  |2 rdacontenido 
337 |a sin mediación  |b n  |2 rdamedio 
338 |a volumen  |b nc  |2 rdasoporte 
440 1 |a (Signa_Lab) 
500 |a Traducción de: Network Science 
649 |a XX 
650 |a Análisis de Red (Planificación) 
650 |a Teoría de Grafos 
650 |a Redes (Matemáticas) -  |x Tema Principal 
650 |a Topología 
650 |a Minería de Datos 
650 |a Comunicación en Red -  |x Tema Principal 
650 |a Redes Sociales (Internet) -  |x Tema Principal 
650 |a Internet 
650 |a Tecnologías de Comunicación e Información 
650 |a Física de Sistemas Complejos 
650 |a Física Estadística 
650 |a Ingeniería Computacional 
910 |a Fondo General 
920 |a Impresos - Libros 
930 |a Colección General 
905 |a 101 
901 |a 0500388156  |b IT1  |c ACC  |i D130123  |u 20250521 
901 |a 0500388158  |b IT1  |c ACC  |i D130124  |u 20250521 
902 |a https://opac.biblio.iteso.mx/vufind/Record/000554904